[Event "35th Zalakaros Open 2016"]
[Site "Zalakaros HUN"]
[Date "2016.05.30"]
[Round "4.8"]
[White "Czebe, Attila"]
[Black "Medvegy, Zoltan"]
[Result "1/2-1/2"]
[WhiteTitle "GM"]
[BlackTitle "GM"]
[WhiteElo "2454"]
[BlackElo "2553"]
[WhiteFideId "705268"]
[BlackFideId "708402"]
[EventDate "2016.05.27"]

1. Nf3 Nf6 2. g3 b6 3. Bg2 Bb7 4. O-O g6 5. d3 Bg7 6. e4 O-O 7. c4 c5 8. Ne1 Nc6
9. Nc2 Ne8 10. Nc3 Nc7 11. f4 d6 12. h3 a6 13. a4 b5 14. axb5 axb5 15. Rxa8 Bxa8
16. cxb5 Nd4 17. Na3 Qb8 18. Qa4 Ncxb5 19. Naxb5 Nxb5 20. Nxb5 Bc6 21. Be3 Qxb5
22. Qxb5 Bxb5 23. Rd1 Rb8 24. e5 dxe5 25. Bxc5 exf4 26. gxf4 Bxb2 27. Bxe7 Bd4+
28. Kh1 Re8 29. Re1 Bxd3 30. Bc6 Rc8 31. Rd1 Rxc6 32. Rxd3 Rc4 33. f5 Kg7 34.
Kg2 Be5 35. fxg6 hxg6 36. Bd6 Rc2+ 37. Kf3 Bb2 38. Bf4 Rc5 39. Be3 Rh5 40. Kg2
Rh4 41. Bg5 Rc4 42. Kf3 Be5 43. Rb3 f6 44. Rb7+ Kg8 45. Be3 Rc3 46. Ke4 Rc4+ 47.
Kf3 Rc3 48. Ke4 Rc2 49. Ra7 Rc6 50. Kd5 Rd6+ 51. Ke4 Rd8 52. Kf3 Bd4 53. Bxd4
Rxd4 54. Kg3 Rd3+ 55. Kg4 Rd4+ 56. Kg3 Kf8 57. h4 Re4 58. h5 gxh5 59. Rh7 Rg4+
60. Kh3 Rg5 61. Kh4 Rg1 62. Rxh5 Kf7 63. Ra5 Kg6 64. Rb5 Rg5 65. Rxg5+ fxg5+ 66.
Kg4 Kf6 67. Kg3 Kf5 68. Kf3 g4+ 69. Kg3 Kg5 70. Kg2 Kh4 71. Kh2 g3+ 72. Kg2 Kg4
73. Kg1 Kh3 74. Kh1 g2+ 75. Kg1 Kg3 1/2-1/2

[Event "35th Zalakaros Open 2016"]
[Site "Zalakaros HUN"]
[Date "2016.05.30"]
[Round "4.9"]
[White "Puranik, Abhimanyu"]
[Black "Kravtsiv, Martyn"]
[Result "1/2-1/2"]
[WhiteTitle "IM"]
[BlackTitle "GM"]
[WhiteElo "2452"]
[BlackElo "2641"]
[WhiteFideId "5061245"]
[BlackFideId "14113147"]
[EventDate "2016.05.27"]

1. e4 e5 2. Nf3 Nc6 3. Bb5 a6 4. Ba4 Nf6 5. O-O Be7 6. Re1 b5 7. Bb3 O-O 8. a4
b4 9. a5 d6 10. d3 Be6 11. Nbd2 Rb8 12. Nc4 Qc8 13. Bg5 h6 14. Bh4 Rb5 15. Ba4
Rc5 16. Nfd2 Nxa5 17. Nxa5 Rxa5 18. Bxf6 Bxf6 19. Nb3 Bxb3 20. Bxb3 Rc5 21. Ra4
Qb7 22. Qa1 Ra8 23. Ra5 Rxa5 24. Qxa5 c6 25. Re3 Bd8 26. Qa2 a5 27. Rf3 Bf6 28.
g3 Ra7 29. h4 Qb6 30. Kg2 Qc5 31. Qa4 Kf8 32. Rf5 Qb5 33. Rf3 Rc7 34. Re3 Qc5
35. Rf3 d5 36. exd5 cxd5 37. d4 Qxd4 38. Qxa5 Qc5 39. Qa8+ Rc8 40. Qb7 Rc7 41.
Qa8+ Rc8 42. Qb7 Rc7 1/2-1/2

[Event "35th Zalakaros Open 2016"]
[Site "Zalakaros HUN"]
[Date "2016.05.30"]
[Round "4.10"]
[White "Gazik, Igor"]
[Black "Papp, Gabor1"]
[Result "0-1"]
[WhiteTitle "IM"]
[BlackTitle "GM"]
[WhiteElo "2302"]
[BlackElo "2596"]
[WhiteFideId "14900149"]
[BlackFideId "718602"]
[EventDate "2016.05.27"]

1. Nf3 Nf6 2. d4 e6 3. e3 b6 4. Bd3 Bb7 5. Nbd2 d5 6. O-O Nbd7 7. b3 c5 8. Bb2
Be7 9. Ne5 Nxe5 10. dxe5 Nd7 11. f4 Qc7 12. c4 O-O-O 13. cxd5 Bxd5 14. Ba6+ Bb7
15. Bxb7+ Qxb7 16. Qc2 Kb8 17. Nc4 b5 18. Nd6 Bxd6 19. exd6 f6 20. a4 b4 21.
Rad1 Rc8 22. Qc4 Rhe8 23. a5 Rc6 24. f5 exf5 25. Qf7 Rcc8 26. Rxf5 Rxe3 27. Qxg7
Rxb3 28. Bxf6 c4 29. Bd4 Rd3 30. Rdf1 Qc6 31. Rf7 Rd8 32. Bf6 Nxf6 33. Rc7 Qxd6
34. Rb7+ Kc8 35. Rxa7 Nd7 36. Ra8+ Kc7 37. Rxd8 Kxd8 38. Qg8+ Kc7 39. Qxc4+ Qc5+ 0-1

[Event "35th Zalakaros Open 2016"]
[Site "Zalakaros HUN"]
[Date "2016.05.30"]
[Round "4.11"]
[White "Prohaszka, Peter2"]
[Black "Smith, Bryan G"]
[Result "1/2-1/2"]
[WhiteTitle "GM"]
[BlackTitle "GM"]
[WhiteElo "2593"]
[BlackElo "2453"]
[WhiteFideId "726265"]
[BlackFideId "2017083"]
[EventDate "2016.05.27"]

1. d4 Nf6 2. c4 g6 3. g3 Bg7 4. Bg2 c6 5. Nc3 d5 6. cxd5 cxd5 7. Nf3 O-O 8. Ne5
e6 9. O-O Bd7 10. Nxd7 Qxd7 11. e3 Nc6 12. Qe2 Rfc8 13. Bd2 Ne8 14. Rfd1 Nd6 15.
Be1 Rc7 16. f3 Rac8 17. Bf2 Ne7 18. a4 Qc6 19. Bf1 Qb6 20. a5 Qc6 21. Na4 Nc4
22. Qe1 Qb5 23. Nc5 Qxb2 24. Rab1 Qa3 25. Ra1 Qb2 26. Rab1 Qa3 27. Ra1 1/2-1/2

[Event "35th Zalakaros Open 2016"]
[Site "Zalakaros HUN"]
[Date "2016.05.30"]
[Round "4.12"]
[White "Erdos, Viktor"]
[Black "Kreisl, Robert"]
[Result "1/2-1/2"]
[WhiteTitle "GM"]
[BlackTitle "IM"]
[WhiteElo "2577"]
[BlackElo "2439"]
[WhiteFideId "719978"]
[BlackFideId "1613880"]
[EventDate "2016.05.27"]

1. d4 Nf6 2. c4 g6 3. Nc3 d5 4. cxd5 Nxd5 5. e4 Nxc3 6. bxc3 Bg7 7. Be3 c5 8.
Nf3 Qa5 9. Nd2 Bd7 10. Rb1 Qxc3 11. dxc5 Bc6 12. Bb5 Bd4 13. Bh6 Qxc5 14. Bxc6+
Nxc6 15. O-O Qh5 16. Qxh5 gxh5 17. Rfc1 O-O-O 18. Nf3 Rhg8 19. Rb5 Rg6 20. Rxh5
Bb2 21. Re1 1/2-1/2

[Event "35th Zalakaros Open 2016"]
[Site "Zalakaros HUN"]
[Date "2016.05.30"]
[Round "4.13"]
[White "Szabo, Gergely-Andras-Gyula"]
[Black "Nguyen, Thai Dai Van"]
[Result "1/2-1/2"]
[WhiteTitle "GM"]
[BlackTitle "FM"]
[WhiteElo "2548"]
[BlackElo "2438"]
[WhiteFideId "1205064"]
[BlackFideId "358878"]
[EventDate "2016.05.27"]

1. c4 e6 2. g3 d5 3. Nf3 Nf6 4. Bg2 c5 5. cxd5 exd5 6. d4 Nc6 7. Nc3 Be7 8. O-O
O-O 9. dxc5 Bxc5 10. a3 Be6 11. b4 Be7 12. Bb2 a6 13. Rc1 Ne4 14. Qd3 Bf6 15.
Rfd1 h6 16. Ba1 Nxc3 17. Bxc3 Rc8 18. e3 Bxc3 19. Qxc3 Qe7 20. Qb2 Rfd8 21. Rc5
Rc7 22. Nd4 Qf6 23. Qa1 Rdc8 24. Nxe6 Qxa1 25. Rxa1 fxe6 26. Rac1 Rd7 27. a4
Rcd8 28. b5 axb5 29. axb5 Ne5 30. R5c3 Nc4 31. e4 Nb6 32. Bh3 Kf7 33. exd5 Nxd5
34. Ra3 Rc7 35. Re1 Rd6 36. Bf1 Rc5 37. Ra7 Rb6 38. Rd1 Rc7 39. Ra8 Rd7 40. h4
Rc7 41. Rd4 Rd7 42. Kg2 Ke7 43. Rg8 Kf7 44. Rc8 Rbd6 45. Be2 Rd8 46. Rc2 Nf6 47.
Rxd6 Rxd6 48. Bf3 Rd7 49. Rc8 Ke7 50. g4 Nd5 51. g5 hxg5 52. hxg5 Rc7 53. Rxc7+ 1/2-1/2

[Event "35th Zalakaros Open 2016"]
[Site "Zalakaros HUN"]
[Date "2016.05.30"]
[Round "4.14"]
[White "Shyam, Sundar M."]
[Black "Livaic, Leon"]
[Result "1-0"]
[WhiteTitle "GM"]
[BlackTitle "FM"]
[WhiteElo "2530"]
[BlackElo "2428"]
[WhiteFideId "5019141"]
[BlackFideId "14531534"]
[EventDate "2016.05.27"]

1. e4 e6 2. d4 d5 3. e5 c5 4. c3 Qb6 5. Nf3 Bd7 6. Be2 cxd4 7. cxd4 Bb5 8. O-O
Bxe2 9. Qxe2 Qa6 10. Qd1 Nc6 11. Nc3 Nge7 12. Ne2 g6 13. h4 h5 14. Ng3 Rc8 15.
Bg5 Bg7 16. Qd2 Nf5 17. Nxf5 exf5 18. Rfc1 O-O 19. b4 b6 20. a4 Qb7 21. Ra3 a6
22. Bh6 Qe7 23. Rb3 Rfe8 24. Re1 Nd8 25. b5 a5 26. Bg5 Qd7 27. Rc1 Ne6 28. Rbc3
Bf8 29. Bf6 Bb4 30. Qh6 Bf8 31. Qh8# 1-0

[Event "35th Zalakaros Open 2016"]
[Site "Zalakaros HUN"]
[Date "2016.05.30"]
[Round "4.15"]
[White "Nitin, S."]
[Black "Aczel, Gergely"]
[Result "1/2-1/2"]
[WhiteTitle "IM"]
[BlackTitle "IM"]
[WhiteElo "2377"]
[BlackElo "2502"]
[WhiteFideId "5018277"]
[BlackFideId "727709"]
[EventDate "2016.05.27"]

1. e4 c5 2. Nf3 e6 3. d4 cxd4 4. Nxd4 a6 5. Nc3 Qc7 6. Bd3 d6 7. O-O Nf6 8. Kh1
Nbd7 9. f4 Nc5 10. Bd2 Be7 11. Qe2 O-O 12. Rac1 Qd7 13. b4 Nxd3 14. cxd3 b5 15.
f5 Bb7 16. Qf3 e5 17. Nb3 d5 18. Qg3 Kh8 19. Bg5 Bxb4 20. Bxf6 gxf6 21. Qh4 Rg8
22. Qxf6+ Rg7 23. Nxd5 Bxd5 24. exd5 Qxd5 25. Rf3 Rd8 26. Qh4 Bf8 27. Nd2 f6 28.
Qxf6 Be7 29. Qc6 Bg5 30. Qxd5 Rxd5 31. Rc8+ Rd8 32. Rxd8+ Bxd8 33. Ne4 Rc7 34.
g4 Rc2 35. Rf2 Rxf2 36. Nxf2 a5 37. Kg2 b4 38. Ne4 a4 39. Nc5 b3 40. Nxb3 axb3
41. axb3 Be7 42. Kf3 Kg7 43. Ke4 Kf6 44. h4 h6 45. g5+ hxg5 46. hxg5+ Kxg5 47.
Kxe5 Bf6+ 48. Ke6 Bc3 49. d4 Bxd4 50. b4 Bf6 51. b5 Bd8 52. Kd7 Ba5 1/2-1/2

[Event "35th Zalakaros Open 2016"]
[Site "Zalakaros HUN"]
[Date "2016.05.30"]
[Round "4.16"]
[White "Deac, Bogdan-Daniel"]
[Black "Karavade, Eesha"]
[Result "1-0"]
[WhiteTitle "IM"]
[BlackTitle "IM"]
[WhiteElo "2501"]
[BlackElo "2409"]
[WhiteFideId "1226380"]
[BlackFideId "5012600"]
[EventDate "2016.05.27"]

1. Nf3 Nf6 2. c4 g6 3. Nc3 d5 4. cxd5 Nxd5 5. h4 Bg7 6. e4 Nxc3 7. dxc3 Qxd1+ 8.
Kxd1 Bg4 9. Kc2 Bxf3 10. gxf3 Nd7 11. h5 O-O-O 12. Be3 a6 13. a4 Bf6 14. f4 e5
15. fxe5 Nxe5 16. f4 Ng4 17. Bc5 Bg7 18. e5 Kb8 19. Be2 Nh6 20. Bc4 Nf5 21. Bxf7
Ng3 22. Rhe1 b6 23. Ba3 Nxh5 24. f5 Bh6 25. e6 Nf6 26. fxg6 hxg6 27. e7 Rd2+ 28.
Kb3 Ne8 29. Rh1 1-0

[Event "35th Zalakaros Open 2016"]
[Site "Zalakaros HUN"]
[Date "2016.05.30"]
[Round "4.17"]
[White "Narayanan, Srinath"]
[Black "Cebalo, Miso"]
[Result "1-0"]
[WhiteTitle "IM"]
[BlackTitle "GM"]
[WhiteElo "2469"]
[BlackElo "2407"]
[WhiteFideId "5018420"]
[BlackFideId "14500094"]
[EventDate "2016.05.27"]

1. e4 c5 2. Nf3 d6 3. d4 cxd4 4. Nxd4 Nf6 5. Nc3 g6 6. Be3 Bg7 7. f3 O-O 8. Qd2
Nc6 9. O-O-O d5 10. Qe1 e5 11. Nxc6 bxc6 12. exd5 Nxd5 13. Bc4 Be6 14. Kb1 Rb8
15. Ne4 f5 16. Ng5 Bc8 17. Bb3 f4 18. Ne4 fxe3 19. c4 e2 20. Rd2 Rxb3 21. axb3
Qa5 22. cxd5 cxd5 23. b4 Qxb4 24. Rxd5 Qb3 25. Qd2 Be6 26. Ra5 Bc4 27. Ra3 Qb6
28. Qc2 Qd4 29. Rc3 Bb5 30. Qb3+ Kh8 31. Qxb5 1-0

[Event "35th Zalakaros Open 2016"]
[Site "Zalakaros HUN"]
[Date "2016.05.30"]
[Round "4.18"]
[White "Korpa, Bence"]
[Black "Michelle Catherina, P"]
[Result "1-0"]
[WhiteTitle "IM"]
[BlackTitle "WIM"]
[WhiteElo "2461"]
[BlackElo "2179"]
[WhiteFideId "706671"]
[BlackFideId "5005736"]
[EventDate "2016.05.27"]

1. Nf3 d5 2. g3 Bg4 3. Bg2 Nd7 4. c4 e6 5. cxd5 exd5 6. O-O c6 7. d3 Bd6 8. h3
Bh5 9. Nc3 Ne7 10. e4 O-O 11. exd5 Nxd5 12. Nxd5 cxd5 13. Qb3 Nb6 14. Be3 Bc7
15. Bd4 Re8 16. a4 a5 17. Rfe1 f6 18. Rac1 Ra6 19. Qb5 Rxe1+ 20. Rxe1 Ra8 21.
Qb3 Bf7 22. Nh4 Nc8 23. Nf5 Rb8 24. Qd1 Nd6 25. Ne7+ Kh8 26. Qf3 Ne8 27. Nxd5
Bd6 28. Bc3 Rc8 29. Nf4 Bxf4 30. Qxf4 b6 31. Qe3 Nc7 32. Qxb6 Nd5 33. Qxd8+ Rxd8
34. Bxa5 Ra8 35. Rc1 Rxa5 36. Rc8+ Bg8 37. Rb8 Ne7 38. b4 Rxa4 39. b5 Rb4 40. b6
Rb1+ 41. Kh2 h6 42. b7 Kh7 43. Re8 Bd5 44. Bxd5 Nxd5 45. b8=Q Rxb8 46. Rxb8 Kg6
47. Kg2 Kf5 48. f4 g5 49. Kf3 h5 50. g4+ hxg4+ 51. hxg4+ Ke6 52. fxg5 fxg5 53.
d4 Nc3 54. Rb3 Nd5 55. Rb5 1-0

[Event "35th Zalakaros Open 2016"]
[Site "Zalakaros HUN"]
[Date "2016.05.30"]
[Round "4.19"]
[White "Efimenko, Zahar"]
[Black "Loos, Roland"]
[Result "1-0"]
[WhiteTitle "GM"]
[WhiteElo "2656"]
[BlackElo "2316"]
[WhiteFideId "14107201"]
[BlackFideId "4643232"]
[EventDate "2016.05.27"]

1. e4 e6 2. d4 d5 3. Nd2 Nf6 4. e5 Nfd7 5. Bd3 c5 6. c3 Nc6 7. Ne2 cxd4 8. cxd4
f6 9. exf6 Nxf6 10. Nf3 Bd6 11. O-O O-O 12. Bf4 Bxf4 13. Nxf4 Ne4 14. Qc1 Ng5
15. Nxg5 Qxg5 16. Ne2 Qf6 17. Qd2 Bd7 18. Rad1 Be8 19. Qe3 Bh5 20. Rd2 Rae8 21.
Ng3 Bg6 22. Bb5 Rc8 23. Bxc6 Rxc6 24. Ne2 h6 25. h3 Bh5 26. f3 Bg6 27. Rc1 Rxc1+
28. Nxc1 Rc8 29. Ne2 Rc6 30. Kh2 h5 31. Qf4 Qxf4+ 32. Nxf4 Bb1 33. Nxh5 Bxa2 34.
Nf4 Bb1 35. h4 a5 36. Rd1 Bh7 37. Ra1 b6 38. Nh3 Kf8 39. Kg3 Rc4 40. Ng5 Bf5 41.
Kf4 Rxd4+ 42. Ke5 Rxh4 43. g4 Bc2 44. Ra3 Rh2 45. Rc3 Ba4 46. b3 Be8 47. Rc7
Re2+ 48. Kd6 Kg8 49. Rc8 Kf8 50. Nxe6+ Kf7 51. Rc7+ Kg8 52. Rxg7+ Kh8 53. Rb7 a4
54. Rb8 1-0

[Event "35th Zalakaros Open 2016"]
[Site "Zalakaros HUN"]
[Date "2016.05.30"]
[Round "4.20"]
[White "Baskin, Robert"]
[Black "Perunovic, Milos"]
[Result "1/2-1/2"]
[WhiteTitle "FM"]
[BlackTitle "GM"]
[WhiteElo "2359"]
[BlackElo "2639"]
[WhiteFideId "24662402"]
[BlackFideId "921629"]
[EventDate "2016.05.27"]

1. e4 c5 2. Nf3 e6 3. d4 cxd4 4. Nxd4 Nf6 5. Nc3 d6 6. g4 h6 7. h4 Nc6 8. Rg1 h5
9. gxh5 Nxh5 10. Bg5 Nf6 11. Nxc6 bxc6 12. Qf3 Qb6 13. O-O-O Rb8 14. b3 Be7 15.
e5 dxe5 16. Ne4 Nxe4 17. Bxe7 Kxe7 18. Qxe4 Qxf2 19. Qxe5 Qxg1 20. Qd6+ Kf6 21.
Qf4+ Ke7 22. Qd6+ Kf6 23. Qf4+ 1/2-1/2

[Event "35th Zalakaros Open 2016"]
[Site "Zalakaros HUN"]
[Date "2016.05.30"]
[Round "4.21"]
[White "Kohlweyer, Bernd"]
[Black "Del Rio De Angelis, Salvador G."]
[Result "1-0"]
[WhiteTitle "IM"]
[BlackTitle "GM"]
[WhiteElo "2373"]
[BlackElo "2541"]
[WhiteFideId "4600622"]
[BlackFideId "2203138"]
[EventDate "2016.05.27"]

1. d4 e6 2. c4 b6 3. e4 Bb7 4. Bd3 f5 5. exf5 Bb4+ 6. Kf1 Nf6 7. a3 Bd6 8. Nc3
O-O 9. Nf3 exf5 10. Bg5 Bxf3 11. Qxf3 Nc6 12. Bxf5 g6 13. Be6+ Kg7 14. Bd5 Nxd5
15. Qxd5 Be7 16. Be3 Na5 17. c5 Rf5 18. Qe4 Nc4 19. Re1 Qf8 20. Kg1 Re8 21. h4
bxc5 22. Bg5 Bxg5 23. Qxe8 Qxe8 24. Rxe8 Bf6 25. dxc5 Kf7 26. Re2 Rxc5 27. Ne4
Re5 28. Ng5+ Kg7 29. Rxe5 Bxe5 30. b3 Nxa3 31. Rh3 h6 32. Re3 Bf6 33. Nf3 Nb5
34. Kf1 Nd6 35. Ke2 Nb7 36. g4 Nc5 37. g5 hxg5 38. hxg5 Bd8 39. Re5 d6 40. Re8
Nb7 41. Kd3 Kf7 42. Rh8 Kg7 43. Rh1 Nc5+ 44. Kc4 Kf7 45. Nd4 1-0

[Event "35th Zalakaros Open 2016"]
[Site "Zalakaros HUN"]
[Date "2016.05.30"]
[Round "4.22"]
[White "Blazeka, Matej"]
[Black "Miron, Lucian-Costin"]
[Result "1/2-1/2"]
[WhiteTitle "FM"]
[BlackTitle "IM"]
[WhiteElo "2341"]
[BlackElo "2524"]
[WhiteFideId "14515741"]
[BlackFideId "1210920"]
[EventDate "2016.05.27"]

1. e4 c5 2. Nf3 d6 3. d4 cxd4 4. Nxd4 Nf6 5. Nc3 Nc6 6. f3 e5 7. Nb3 Be7 8. Be3
Be6 9. Nd5 Bxd5 10. exd5 Nb4 11. c4 a5 12. Qd2 b6 13. Be2 O-O 14. O-O Na6 15. f4
Nd7 16. fxe5 Nxe5 17. Nd4 Rc8 18. b3 Bf6 19. Rac1 Re8 20. a3 Nd7 1/2-1/2

[Event "35th Zalakaros Open 2016"]
[Site "Zalakaros HUN"]
[Date "2016.05.30"]
[Round "4.23"]
[White "Nemeth, Miklos1"]
[Black "Fogarasi, Tibor"]
[Result "1/2-1/2"]
[WhiteTitle "IM"]
[BlackTitle "GM"]
[WhiteElo "2482"]
[BlackElo "2372"]
[WhiteFideId "720232"]
[BlackFideId "700363"]
[EventDate "2016.05.27"]

1. e4 c5 2. Nf3 e6 3. d4 cxd4 4. Nxd4 Nc6 5. Nb5 d6 6. c4 Nf6 7. N1c3 a6 8. Na3
Qa5 9. Qd2 Be7 10. Be2 O-O 11. O-O Rd8 12. Nc2 d5 13. exd5 exd5 14. Nxd5 Qxd2
15. Bxd2 Nxd5 16. cxd5 Rxd5 17. Bc3 Be6 18. Bc4 1/2-1/2

[Event "35th Zalakaros Open 2016"]
[Site "Zalakaros HUN"]
[Date "2016.05.30"]
[Round "4.24"]
[White "Raja, Harshit"]
[Black "Sundararajan, Kidambi"]
[Result "1/2-1/2"]
[BlackTitle "GM"]
[WhiteElo "2329"]
[BlackElo "2469"]
[WhiteFideId "5089000"]
[BlackFideId "5005370"]
[EventDate "2016.05.27"]

1. e4 c5 2. Nf3 Nc6 3. c3 Nf6 4. e5 Nd5 5. d4 cxd4 6. cxd4 d6 7. Bc4 e6 8. O-O
Be7 9. Bd2 O-O 10. Nc3 dxe5 11. dxe5 Nb6 12. Bb3 Na5 13. Bc2 Nac4 14. Qe2 Nxd2
15. Nxd2 Bd7 16. Rac1 Bc6 17. Rfd1 Qb8 18. Be4 Rd8 19. Bxc6 bxc6 20. Nf3 Rxd1+
21. Rxd1 Nd5 22. Qc4 Qxb2 23. Qxc6 Rd8 24. Nxd5 Rxd5 25. Rf1 Qb8 26. h3 h6 27.
Rc1 Qd8 28. Kh2 Qd7 29. Qa8+ Kh7 30. Rc8 Qa4 31. Rh8+ Kg6 32. g3 Qe4 33. Kg2
Rxe5 34. Qxa7 Bc5 35. Qa5 Rd5 36. Qc3 Bd4 37. Qb3 Bf6 38. Qb8 Rd3 39. Qa8 Qxa8
40. Rxa8 e5 41. Ra5 1/2-1/2

[Event "35th Zalakaros Open 2016"]
[Site "Zalakaros HUN"]
[Date "2016.05.30"]
[Round "4.25"]
[White "Mesaros, Florian"]
[Black "Romanishin, Oleg M"]
[Result "1/2-1/2"]
[WhiteTitle "FM"]
[BlackTitle "GM"]
[WhiteElo "2318"]
[BlackElo "2464"]
[WhiteFideId "1629220"]
[BlackFideId "14100088"]
[EventDate "2016.05.27"]

1. Nf3 Nf6 2. c4 d6 3. d4 g6 4. Nc3 Bg4 5. e3 Bg7 6. h3 Bxf3 7. Qxf3 c6 8. Bd3
Nbd7 9. O-O O-O 10. Rd1 a6 11. a4 a5 12. Qe2 e5 13. Bc2 Re8 14. d5 cxd5 15. cxd5
e4 16. Bd2 Nc5 17. Nb5 Qe7 18. Bc3 Nh5 19. Nd4 Nf6 20. Nb5 Nh5 21. Nd4 Nf6 22.
Nb5 1/2-1/2

[Event "35th Zalakaros Open 2016"]
[Site "Zalakaros HUN"]
[Date "2016.05.30"]
[Round "4.26"]
[White "Nguyen, Piotr"]
[Black "Tate, Alan"]
[Result "1-0"]
[WhiteTitle "IM"]
[BlackTitle "FM"]
[WhiteElo "2446"]
[BlackElo "2307"]
[WhiteFideId "1127993"]
[BlackFideId "2401878"]
[EventDate "2016.05.27"]

1. c4 c5 2. g3 Nf6 3. Bg2 d5 4. cxd5 Nxd5 5. Nc3 Nc7 6. Nf3 Nc6 7. O-O e5 8. a3
Rb8 9. Rb1 f6 10. d3 Be6 11. Be3 Qd7 12. Ne4 b6 13. Qa4 Nd5 14. Rfc1 Nd4 15. Qd1
Nb3 16. Rc2 Be7 17. Nc3 Nc7 18. Nd2 O-O 19. Qf1 f5 20. f4 Bf6 21. Nf3 exf4 22.
Bxf4 Rbe8 23. Ne5 Bxe5 24. Bxe5 Nd5 25. Qf3 Bf7 26. d4 Nxc3 27. bxc3 cxd4 28.
Qf4 Rc8 29. Rd1 Rfd8 30. Qg5 Bg6 31. Rb2 Rxc3 32. Rxb3 Rxb3 33. Rxd4 Qxd4+ 34.
Bxd4 Rb1+ 35. Kf2 Rxd4 36. h4 Rd6 37. h5 Bxh5 38. Qxh5 g6 39. Qf3 Rd7 40. Qa8+
Kg7 41. Bc6 Rf7 42. Bd5 Rf8 43. Qxa7+ Kh6 44. Qe7 Rc8 45. Be6 Rc2 46. Bxf5 1-0

[Event "35th Zalakaros Open 2016"]
[Site "Zalakaros HUN"]
[Date "2016.05.30"]
[Round "4.27"]
[White "Nagy, Gabor1"]
[Black "Saravanan, V."]
[Result "0-1"]
[WhiteTitle "IM"]
[BlackTitle "IM"]
[WhiteElo "2439"]
[BlackElo "2272"]
[WhiteFideId "737119"]
[BlackFideId "5000580"]
[EventDate "2016.05.27"]

1. Nf3 Nf6 2. c4 g6 3. g3 Bg7 4. d4 O-O 5. Bg2 d6 6. O-O Nc6 7. Nc3 a6 8. h3 Bd7
9. e4 Qc8 10. Kh2 e5 11. d5 Nd4 12. Nxd4 exd4 13. Ne2 Re8 14. f3 c5 15. dxc6
Qxc6 16. Qd3 Rac8 17. b3 b5 18. Nxd4 bxc4 19. Qd1 Qc7 20. bxc4 Qxc4 21. Nb3 d5
22. Bb2 Qc2 23. Rb1 Bb5 24. Nd4 Qxd1 25. Rfxd1 Bc4 26. exd5 Nxd5 27. Nb3 Re2 28.
Bxg7 Kxg7 29. Rd2 Rxd2 30. Nxd2 Bxa2 31. Rb2 Nc3 32. Bf1 a5 33. Rc2 Be6 34. Ba6
Ra8 35. Bc4 Nd5 36. Ra2 Kf6 37. Ne4+ Ke5 38. Rd2 Ne3 39. Bd3 Nc4 40. Ra2 Kd4 41.
Be2 a4 42. Kg1 a3 43. Kf2 f5 44. Ng5 Bd5 45. Nxh7 Kc3 46. Nf6 Be6 47. g4 Nd2 48.
Ra1 Nb3 49. gxf5 gxf5 0-1

[Event "35th Zalakaros Open 2016"]
[Site "Zalakaros HUN"]
[Date "2016.05.30"]
[Round "4.28"]
[White "Szabo, Attila1"]
[Black "Gazik, Viktor"]
[Result "0-1"]
[WhiteTitle "FM"]
[BlackTitle "FM"]
[WhiteElo "2315"]
[BlackElo "2433"]
[WhiteFideId "1206532"]
[BlackFideId "14928752"]
[EventDate "2016.05.27"]

1. e4 Nf6 2. e5 Nd5 3. d4 Nb6 4. Nf3 d5 5. Bd3 Bg4 6. h3 Bxf3 7. Qxf3 e6 8. O-O
c5 9. c3 Nc6 10. Be3 Na4 11. b3 Nxc3 12. Nxc3 cxd4 13. Bb5 dxc3 14. Rac1 Qa5 15.
Bxc6+ bxc6 16. Bd4 Bb4 17. a4 Rc8 18. Bxc3 O-O 19. Bd4 c5 20. Be3 Bd2 21. Rc2
Bxe3 22. Qxe3 Rc7 23. f4 Rfc8 24. f5 exf5 25. Rxf5 Qb6 26. a5 Qe6 27. Rcf2 c4
28. bxc4 dxc4 29. R5f4 c3 30. Rc2 h6 31. Rb4 Qd5 0-1

[Event "35th Zalakaros Open 2016"]
[Site "Zalakaros HUN"]
[Date "2016.05.30"]
[Round "4.29"]
[White "Lalic, Bogdan"]
[Black "Warakomska, Anna"]
[Result "1-0"]
[WhiteTitle "GM"]
[BlackTitle "WIM"]
[WhiteElo "2431"]
[BlackElo "2298"]
[WhiteFideId "409081"]
[BlackFideId "1130790"]
[EventDate "2016.05.27"]

1. d4 Nf6 2. c4 e6 3. Nc3 Bb4 4. Qc2 O-O 5. e4 d5 6. e5 Ne4 7. Bd3 c5 8. Nf3
cxd4 9. Nxd4 dxc4 10. Bxe4 Qxd4 11. Bxh7+ Kh8 12. Be4 Qxe5 13. O-O Nc6 14. Ne2
Bd7 15. Bf4 Qf6 16. Rfd1 Qe7 17. Qxc4 e5 18. Bg5 Qe6 19. Qd3 Qg4 20. h4 Bc8 21.
Rac1 Be7 22. Rxc6 Bxg5 23. Rxc8 Raxc8 24. hxg5 Qxg5 25. Qh3+ Qh6 26. Rd3 Rcd8
27. Qf5 Rxd3 28. Bxd3 Rd8 29. g3 Kg8 30. Kg2 Qd6 31. Qh7+ Kf8 32. Be4 g6 33. Nc3
Qf6 34. Bxb7 Rb8 35. Qh6+ Qg7 36. Qh4 Kg8 37. Bd5 Rxb2 38. Ne4 Rb6 39. Qe7 Qf8
40. Qxa7 1-0

[Event "35th Zalakaros Open 2016"]
[Site "Zalakaros HUN"]
[Date "2016.05.30"]
[Round "4.31"]
[White "Vertetics, Attila"]
[Black "Tarhon, Brian"]
[Result "1/2-1/2"]
[WhiteTitle "IM"]
[BlackTitle "FM"]
[WhiteElo "2425"]
[BlackElo "2285"]
[WhiteFideId "723720"]
[BlackFideId "423190"]
[EventDate "2016.05.27"]

1. d4 Nf6 2. c4 e6 3. Nf3 b6 4. a3 Bb7 5. Nc3 d5 6. Bg5 Be7 7. Bxf6 Bxf6 8. cxd5
exd5 9. g3 O-O 10. Bg2 c5 11. O-O Re8 12. e3 Na6 13. Rc1 Nc7 14. Qa4 Ne6 15.
Rfd1 Rc8 16. Rd2 cxd4 17. exd4 a6 18. Re1 Ng5 19. Ne5 Ne4 20. Nxe4 dxe4 21. Bxe4
Bxe4 22. Rxe4 Rxe5 23. dxe5 Qxd2 24. exf6 b5 25. Qd4 Qc1+ 26. Kg2 Qc6 27. Qe3
gxf6 28. Qf3 h5 29. g4 hxg4 30. Rxg4+ Kf8 31. Rf4 Ke7 32. Re4+ Kf8 33. Re2 Qc4
34. Qh5 Kg7 35. Re3 Qc6+ 36. Qf3 f5 37. Rc3 Qg6+ 38. Kf1 Rxc3 39. Qxc3+ Kf8 40.
h3 Qe6 41. Qc5+ Kg7 42. Qe3 Qc4+ 43. Ke1 f6 44. Kd2 Kg6 45. Qg3+ Kh7 46. Qd3 Qe6
47. Qd4 1/2-1/2